Fußball Tic Tac Toe - #2 - Statistiken

Allgemein
  • Dieses Quiz wurde 408 mal gespielt
  • Das Durchschnittsergebnis liegt bei 4 aus 9
Antwortstatistiken
FSV Mainz 05 % Korrekt
HSV ...........X............
70%
Borussia Dortmund ...........X............
63%
...........X............
54%
...........X............
54%
...........X............
51%
Bayern München ...........X............
44%
...........X............
40%
...........X............
36%
...........X............
29%
Keine übereinstimmenden Quizze gefunden
Verteilung der Resultate
Anzahl Personen mit jedem Resultat
Perzentil nach korrekt beantworteten Fragen
Ihre Resultats-Entwicklung
Sie haben dieses Quiz noch nicht gespielt